| 000 | 01066nam a2200265 a 4500 | ||
|---|---|---|---|
| 003 | DO-SdBNP | ||
| 005 | 20260321073645.0 | ||
| 007 | ta | ||
| 008 | 221109t2014 dr ao||gr|||| 001 f spa d | ||
| 020 | _a9781658737234 | ||
| 040 |
_aDO-SdBNP _bspa _cBNPHU |
||
| 082 | 4 |
_222 _bM516l |
|
| 100 |
_925501 _aMejía, Manuel Antonio _d1967- |
||
| 245 | 1 | 3 |
_aEl líder de los ojos con cielo: _bdespués de un camino llamado América. novela. / _cManuel Antonio Mejía |
| 260 |
_aMadrid, España, _bMAM, _c2014 |
||
| 300 |
_a712 p. : _bil., fotogr. ; _c29 cm. |
||
| 590 | _aInventariado 2022 / MF | ||
| 600 | 1 | 0 |
_a Bosch, Juan, _d1909-2001 _tEl líder de los ojos con cielo : Después de un camino llamado América _vNovela _zRepública Dominicana _976555 |
| 650 | 4 |
_982621 _aLiteratura _xNovela _zRepública Dominicana |
|
| 650 | 4 |
_944449 _aNovela Histórica _zRepública Dominicana |
|
| 650 | 4 |
_934429 _aNovela _xHistoria y Crítica _zRepública Dominicana |
|
| 650 | 0 |
_98867 _aNovela Política _xHistoria y Crítica _vRepública Dominicana |
|
| 910 | _aMFeliz | ||
| 942 |
_2ddc _cLBS1 |
||
| 999 |
_c52845 _d52845 |
||